Vitry-le-François - Quiz - Statistiques

Statistiques générales
  • Ce quiz a été pris 8 fois
  • Le résultat moyen est 9 sur 15
Statistiques - réponses
Question Réponse % Correct
Département dans lequel la ville est située et rivière qui la longe La Marne
100%
Sa date de fondation 1545
75%
Roi de France et fondateur de la ville François Ier
75%
Ancien maire de la ville élu pour la première fois en 1989, cumulant en tout 30 années de mandat Jean-Pierre Bouquet
75%
Animal emblème de la ville La salamandre
75%
Médiathèque inaugurée en 2017 par François Hollande Médiathèque Albert Camus
75%
Ville allemande avec laquelle elle est jumelée Tauberbischofsheim
75%
Célèbre tueur en série né en 1962 à Vitry Guy Georges
50%
Son surnom La cité rose
50%
Premier quartier populaire d'après-guerre, construit entre 1958 et 1964 La Fauvarge
50%
Monument situé à l'entrée nord de la ville, qui était initialement situé à l'ouest La Porte du Pont
50%
Nom de la collégiale Notre-Dame de Vitry-le-François
50%
Place centrale de la ville Place d'Armes
50%
Fonction actuelle de l'ancien hôpital, situé à côté de la collégiale Sous-préfecture
25%
Nom de la ville pendant la Révolution française Vitry-sur-Marne
25%
Aucun quiz correspondant
Distribution des résultats
% des personnes avec chaque résultat
Percentile par nombre de réponses
Votre historique - résultats
Vous n’avez pas pris ce quiz